Ends in 'ICA' Quiz Stats

 Plays Quiz Updated Dec 6, 2014

Also try: Ends in 'AGE'
Challenge
Share
Tweet
Embed
Score 0/20 Timer 04:00
0 Plays Today
Hint 'ica' word % Correct
A name commonly used for the United StatesAmerica
89.5%
Continent between the Atlantic & Indian OceansAfrica
87.6%
The continent surrounding the South PoleAntarctica
85.7%
Lewinsky, Seles, or a Courteney Cox characterMonica
84%
Caribbean island; capital is KingstonJamaica
82.6%
Lange, Alba, Biel, or TandyJessica
81.6%
A small instrument played by inhaling & exhaling; also called a 'mouth organ'harmonica
80.8%
Literature or art intended to arouse sexual desireerotica
73.4%
Auto racing's Ms. PatrickDanica
63.8%
A copy of a work of art, such as a statue or paintingreplica
57.5%
Hint 'ica' word % Correct
Actress Huston; won Academy Award for Prizzi's HonorAnjelica
53.8%
The oldest English-language encyclopediaEncyclopedia Britannica
51.5%
Ancient Roman building used for public meetings, court rooms, etc;
also, a large church or cathedral
basilica
48.3%
Archie Andrews' dark-haired girlfriendVeronica
45.8%
Caribbean island; capital is RoseauDominica
41.4%
Pain, usually in the buttocks or back of the thigh, associated with the nerve that runs from the lower part of the spinal cord, down the back of the legsciatica
41.4%
Prison in New York; site of 1971 prison riotAttica
39.8%
Coffee & coffee bean indigenous to YemenArabica
31.6%
A printer's unit of type size, equal to 12 pointspica
24%
Any of various silicate minerals that readily separate into very thin sheetsmica
21.2%

You're not logged in!

Compare scores with friends on all Sporcle quizzes.
Join for Free
OR
Log In

You Might Also Like...

Show Comments

Extras

Top Quizzes Today


Score Distribution

Your Account Isn't Verified!

In order to create a playlist on Sporcle, you need to verify the email address you used during registration. Go to your Sporcle Settings to finish the process.

Report this User

Report this user for behavior that violates our Community Guidelines.

Details: